Official Languages - Statistics

General Stats
  • This quiz has been taken 7 times
  • The average score is 175 of 196
Answer Stats
Hint # of Languages Answer % Correct
Ethiopia 5 Afar, Amharic, Oromo, Somali, Tigrinya
100%
Albania 1 Albanian
100%
Kuwait 1 Arabic
100%
Libya 1 Arabic
100%
Saudi Arabia 1 Arabic
100%
Syria 1 Arabic
100%
United Arab Emirates 1 Arabic
100%
Yemen 1 Arabic
100%
Morocco 2 Arabic, Berber
100%
Sudan 2 Arabic, English
100%
Armenia 1 Armenian
100%
Belarus 2 Belarusian, Russian
100%
Vanuatu 3 Bislama, French, English
100%
Bulgaria 1 Bulgarian
100%
Myanmar 1 Burmese
100%
Zimbabwe 15 Chewa, Chibarwe, Kalanga, Khoisan, Nambya, Ndau, Ndebele, Shangani, Shona, Sotho, Tonga, Tswana, Venda, Xhosa, English
100%
Croatia 1 Croatian
100%
Suriname 1 Dutch
100%
Ghana 1 English
100%
Grenada 1 English
100%
Guyana 1 English
100%
Jamaica 1 English
100%
Saint Kitts and Nevis 1 English
100%
Saint Lucia 1 English
100%
Saint Vincent and the Grenadines 1 English
100%
Sierra Leone 1 English
100%
Solomon Islands 1 English
100%
South Sudan 1 English
100%
Zambia 1 English
100%
Estonia 1 Estonian
100%
Finland 2 Finnish, Swedish
100%
Benin 1 French
100%
Republic of the Congo 1 French
100%
Monaco 1 French
100%
Cameroon 2 French, English
100%
Greece 1 Greek
100%
Ireland 2 Irish, English
100%
San Mario 1 Italian
100%
Cambodia 1 Khmer
100%
Rwanda 4 Kinyarwanda, Swahili, French, English
100%
Burundi 3 Kirundi, French, English
100%
North Korea 1 Korean
100%
Kyrgyzstan 2 Kyrgyz, Russian
100%
Lithuana 1 Lithuanian
100%
Macedonia 2 Macedonian, Albanian
100%
Madagascar 2 Malagasy, French
100%
Malta 2 Maltese, English
100%
Montenegro 1 Montenegrin
100%
Nauru 2 Nauruan, English
100%
Nepal 1 Nepali
100%
Bosnia and Herzegovina 0 none; Bosnian, Serbian, and Croatian all have de facto status
100%
Australia 0 none, English had de facto status
100%
Antigua and Barbuda 0 none, English has de facto status
100%
United Kingdom 0 none, English has de facto status
100%
Mauritius 0 none, English has de jure status and French has de facto status
100%
Japan 0 none, Japanese has de facto status
100%
Taiwan 0 none, Mandarin Chinese has de facto status
100%
Argentina 0 none, Spanish has de facto status
100%
Mexico 0 none, Spanish has de facto status
100%
Norway 2 Norwegian, Sami languages
100%
Afghanistan 2 Persian (Dari), Pashto
100%
Brazil 1 Portuguese
100%
Guinea-Bissau 1 Portuguese
100%
Romania 1 Romanian
100%
Samoa 2 Samoan, English
100%
Seychelles 3 Seychellois Creole, French, English
100%
Sri Lanka 2 Sinhala, Tamil
100%
Slovakia 1 Slovak
100%
Chile 1 Spanish
100%
Colombia 1 Spanish
100%
Cuba 1 Spanish
100%
Ecuador 1 Spanish
100%
El Salvador 1 Spanish
100%
Venezuela 1 Spanish
100%
Equatorial Guinea 3 Spanish, Portuguese, French
100%
Kenya 2 Swahili, English
100%
Timor-Leste 2 Tetum, Portuguese
100%
Thailand 1 Thai
100%
Tonga 2 Tongan, English
100%
Cyprus 2 Turkish, Greek
100%
Vietnam 1 Vietnamese
100%
South Africa 11 Afrikaans, English, Southern Ndebele, Sotho, Northern Sotho, Swazi, Tsonga, Tswana, Venda, Xhosa, Zulu
83%
Kosovo 2 Albanian, Serbian
83%
Bahrain 1 Arabic
83%
Egypt 1 Arabic
83%
Jordan 1 Arabic
83%
Lebanon 1 Arabic
83%
Mauritania 1 Arabic
83%
Oman 1 Arabic
83%
Qatar 1 Arabic
83%
Tunisia 1 Arabic
83%
Algeria 2 Arabic, Berber
83%
Chad 2 Arabic, French
83%
Djibouti 2 Arabic, French
83%
Azerbaijan 1 Azerbaijani
83%
Mali 13 Bambara, Bobo, Bozo, Dogon, Fula, Hassaniya, Kassonke, Maninke, Minyanka, Senufo, Songhay languages, Soninke, Tamasheq
83%
Bangladesh 1 Bengali
83%
Bolivia 37 Castilian (Spanish), Aymara, Araona, Baure, Bésiro (Chiquitano), Canichana, Cavineña, Cayubaba, Chácobo, Chimán, Ese Ejja, Guaraní. Guarasu'we, Guarayu, Itonama, Leco, Machajuyai-Kallawaya, Machineri, Maropa, Mojeño-Ignaciano, Mojeño-Trinitario, Moré, Mosetén, Movima, Pacawara, Puquina, Quechua, Sirionó, Tacana, Tapieté, Toromona, Uru-Chipaya, Weenhayek, Yaminawa, Yuki, Yuracar, Zamuco
83%
Andorra 1 Catalan
83%
Comoros 3 Comorian, Arabic, French
83%
Czech Republic 1 Czech
83%
Denmark 1 Danish
83%
Netherlands 1 Dutch
83%
Belgium 3 Dutch, French, German
83%
Bhutan 1 Dzongkha
83%
Bahamas 1 English
83%
Barbados 1 English
83%
Belize 1 English
83%
Botswana 1 English
83%
Dominica 1 English
83%
The Gambia 1 English
83%
Liberia 1 English
83%
Malawi 1 English
83%
Micronesia 1 English
83%
Namibia 1 English
83%
Nigeria 1 English
83%
Trinidad and Tobago 1 English
83%
Fiji 3 Fijian, Fiji Hindi, English
83%
Philippines 2 Filipino, English
83%
Democratic Republic of the Congo 1 French
83%
France 1 French
83%
Gabon 1 French
83%
Guinea 1 French
83%
Côte d'Ivoire 1 French
83%
Senegal 1 French
83%
Togo 1 French
83%
Canada 2 French, English
83%
Switzerland 3 French, German, Italian, Romansh
83%
Georgia 1 Georgian
83%
Austria 1 German
83%
Germany 1 German
83%
Liechtenstein 1 German
83%
Kiribati 2 Gilbertese, English
83%
Haiti 3 Haitian Creole, French
83%
Israel 1 Hebrew
83%
India 2 Hindi, English
83%
Hungary 1 Hungarian
83%
Iceland 1 Icelandic
83%
Indonesia 1 Indonesian
83%
Italy 1 Italian
83%
Kazakhstan 2 Kazakh, Russian
83%
South Korea 1 Korean
83%
Iraq 2 Kurdish, Arabic
83%
Laos 1 Lao
83%
Vatican City 2 Latin, Italian
83%
Latvia 1 Latvian
83%
Luxembourg 3 Luxembourgish, German, French
83%
Brunei 1 Malay
83%
Malaysia 1 Malay
83%
Singapore 4 Malay, Mandarin Chinese, Tamil, English
83%
New Zealand 2 Māori language, English has de facto status
83%
Marshall Islands 2 Marshallese, English
83%
Mongolia 1 Mongolian
83%
United States 0 none, English has de facto status
83%
Palau 2 Palauan, English
83%
Iran 1 Persian
83%
Poland 1 Polish
83%
Angola 1 Portuguese
83%
Cabo Verde 1 Portuguese
83%
Mozambique 1 Portuguese
83%
Portugal 1 Portuguese
83%
São Tomé and Príncipe 1 Portuguese
83%
Moldova 1 Romanian
83%
Russia 1 Russian
83%
Central African Republic 2 Sango, French
83%
Serbia 1 Serbian
83%
Lesotho 2 Sesotho, English
83%
Slovenia 1 Slovene
83%
Somalia 2 Somali, Arabic
83%
Costa Rica 1 Spanish
83%
Dominican Republic 1 Spanish
83%
Guatemala 1 Spanish
83%
Honduras 1 Spanish
83%
Nicaragua 1 Spanish
83%
Panama 1 Spanish
83%
Peru 1 Spanish
83%
Spain 1 Spanish
83%
Uruguay 1 Spanish
83%
Paraguay 2 Spanish, Guaraní
83%
China 1 Standard Chinese
83%
Tanzania 2 Swahili, English
83%
Uganda 2 Swahili, English
83%
Sweden 1 Swedish
83%
Tajikistan 1 Tajik
83%
Papua New Guinea 3 Tok Pisin, Hiri Motu, English
83%
Turkey 1 Turkish
83%
Turkmenistan 1 Turkmen
83%
Tuvalu 2 Tuvaluan, English
83%
Ukraine 1 Ukrainian
83%
Pakistan 2 Urdu, English
83%
Uzbekistan 1 Uzbek
83%
Niger 1 Hausa
67%
Eritrea 1 Tigrinya
67%
Burkina Faso 4 Mooré, Bissa, Dyula, Fula
50%
Maldives 1 Dhivehi
33%
Eswatini 2 Swazi, English
17%
No matching quizzes found
Score Distribution
Percent of People with Each Score
Percentile by Number Answered
Your Score History
You have not taken this quiz